000 00394nam a22001457a 4500
999 _c7666
_d7664
005 20210319105458.0
008 210319b ||||| |||| 00| 0 eng d
082 _a346.066
100 _aAIYAR, A.N.
_96466
245 _aCOMPANY CASES THE CORPORATE LAW WEEKLY [VOL-149]
260 _aCHENNAI
_bCOMPANY LAW INSTITUTE OF INDIA
_c2009
300 _ai-lx; 736,p
650 _aLAW
_95701
942 _cJRL